3. celoslovenský seminár o propagácii zborník : Trenčín, 22. augusta 1979

Salvato in:
Dettagli Bibliografici
Natura: Libro
Lingua:slovacco
Pubblicazione: Banská Bystrica Dom techniky ČSVTS 1979
Tags: Aggiungi Tag
Nessun Tag, puoi essere il primo ad aggiungerne!!

MARC

LEADER 00000nam a2200000 4500
001 0229890
005 20240822101705.8
041 0 |a slo 
044 |a SK 
245 1 0 |a 3. celoslovenský seminár o propagácii  |b zborník : Trenčín, 22. augusta 1979 
264 1 |a Banská Bystrica  |b Dom techniky ČSVTS  |c 1979 
300 |a 75 s.